000 00724nam a2200265 i 4500
001 C2-0084093
003 PPAK
005 20180727085811.0
008 970429s1994 my a|||| ||||| | may d
020 _a9676103713
040 _aPPAK
_beng
_cPPAK
_erda
082 0 4 _a499.2386
_223
090 0 0 _a499.2386
_bOMA
_dK
100 0 _aOmar Sidek,
_eauthor
245 1 0 _aDi mana saya ?
264 1 _aKuala Lumpur :
_bUtusan ,
_c1994
300 _a29 pages :
_billustrations ;
_c26 cm
336 _2rdacontent
_atext
337 _2rdamedia
_aunmediated
338 _2rdacarrier
_avolume
490 1 _aSiri prasekolah utusan
650 1 0 _aMalay language - Prepositions
830 0 _aSiri prasekolah utusan
942 _ddc
_cB
999 _c16262
_d16262